[Event "TUR Cup										"]
[Site "Antalya"]
[Date "2018.02.01"]
[Round "9"]
[White "Basara, Arda"]
[Black "Kocak, Ata"]
[Result "1-0"]
[WhiteElo "1688"]
[BlackElo "1492"]
[PlyCount "37"]
[EventDate "2018.01.27"]
[EventType "swiss"]
[EventRounds "11"]
[EventCountry "TUR"]
[SourceTitle "CBM 182 Extra"]
[Source "ChessBase"]
[SourceDate "2018.02.23"]
[SourceVersion "1"]
[SourceVersionDate "2018.02.23"]
[SourceQuality "1"]

1. d4 Nf6 2. c4 g6 3. Nc3 Bg7 4. e4 d6 5. Nf3 0-0 6. h3 e5 7. d5 Nh5 8. g3 Nd7 9. Be2 Ndf6 10. Bg5 h6 11. Be3 Bd7 12. Qd2 g5 13. Qd1 Bh8 14. Nxg5 Nxg3 15. fxg3 hxg5 16. Bxg5 Qc8 17. Qd2 Bxh3 18. Bxf6 Bxf6 19. Qh6 1-0

[Event "TUR Cup										"]
[Site "Antalya"]
[Date "2018.01.30"]
[Round "5"]
[White "Var, Sefa"]
[Black "Kocak, Ata"]
[Result "1/2-1/2"]
[WhiteElo "1691"]
[BlackElo "1492"]
[PlyCount "38"]
[EventDate "2018.01.27"]
[EventType "swiss"]
[EventRounds "11"]
[EventCountry "TUR"]
[SourceTitle "CBM 182 Extra"]
[Source "ChessBase"]
[SourceDate "2018.02.23"]
[SourceVersion "1"]
[SourceVersionDate "2018.02.23"]
[SourceQuality "1"]

1. e4 c5 2. Nf3 d6 3. d4 cxd4 4. Nxd4 Nf6 5. Nc3 g6 6. Be3 Bg7 7. f3 0-0 8. Qd2 Nc6 9. g4 Ne5 10. 0-0-0 d5 11. g5 Nfd7 12. Nxd5 Nb6 13. Nxb6 Qxb6 14. Qf2 Rd8 15. Be2 Be6 16. Nxe6 Qxe6 17. Kb1 Nc4 18. Bxc4 Qxc4 19. h4 Bxb2 1/2-1/2